[Event "AUTO-BEG-553"]
[Site "http://www.queenalice.com/game.php?id=1096122"]
[Date "2012.8.24"]
[Round "1"]
[White "guest12345"]
[Black "savioef"]
[Result "1-0"]
[WhiteElo "1228"]
[BlackElo "1098"]

1. c4 e5 2. Nc3 Nf6 3. Nf3 Nc6 4. d4 exd4 5. Nxd4 Bc5 6. Nc2 O-O 7. f3 d6 8. e4
Nxe4 9. fxe4 Qh4+ 10. g3 Qf6 11. Bf4 Ne5 12. Qe2 Bg4 13. Qg2 a5 14. Be2 Qg6 15.
O-O-O Rae8 16. Bxe5 dxe5 17. Bxg4 Qxg4 18. Rd5 b6 19. Qe2 Qh3 20. Rhd1 Qxg3 21.
hxg3 Rd8 22. Rxd8 c6 23. Qd2 h6 24. Qd7 b5 25. Rxf8+ Kh7 26. Qf5+ g6 27. Qxf7#
1-0

[Event "AUTO-BEG-553"]
[Site "http://www.queenalice.com/game.php?id=1096123"]
[Date "2012.8.24"]
[Round "1"]
[White "savioef"]
[Black "guest12345"]
[Result "0-1"]
[WhiteElo "1081"]
[BlackElo "1100"]

1. e4 e5 2. Nf3 Nc6 3. Nc3 Nf6 4. Bc4 Nxe4 5. Nxe4 d5 6. Bxd5 Qxd5 7. O-O Qxe4
8. d3 Qg6 9. a4 Bg4 10. b3 O-O-O 11. Bb2 Bd6 12. Ra3 Bxa3 13. Bxa3 Rhe8 14. Bc5
Kb8 15. Be3 Nd4 16. Qe1 Bxf3 17. Bd2 Qxg2# 0-1

[Event "AUTO-BEG-553"]
[Site "http://www.queenalice.com/game.php?id=1096136"]
[Date "2012.8.24"]
[Round "1"]
[White "savioef"]
[Black "ThiagoSousa"]
[Result "1-0"]
[WhiteElo "1081"]
[BlackElo "1316"]

1. e4 Nf6 2. Nc3 d5 3. e5 d4 4. Nb5 Qd5 5. Nf3 Kd8 6. b3 Ne4 7. Ba3 a6 8. Nbxd4
c5 9. Ne2 c4 10. b4 b5 11. Nf4 Qd7 12. Bb2 Nc6 13. Bc3 Nxc3 14. dxc3 f6 15. e6
Qd6 16. Be2 g5 17. Nh5 Bxe6 18. O-O g4 19. Nd4 Nxd4 20. cxd4 Qd5 21. Nf4 Qe4 22.
Nxe6+ Qxe6 23. a4 Qb6 24. Bxg4 Rg8 25. Ra3 Rxg4 26. Qxg4 Rc8 27. Re3 Rc6 28.
Rfe1 e6 29. Rxe6 Bxb4 30. R1e3 Rxe6 31. Rxe6 Qa5 32. Qh5 Qxa4 33. Qe8+ Kc7 34.
Qf7+ Kb8 35. Re8# 1-0

[Event "AUTO-BEG-553"]
[Site "http://www.queenalice.com/game.php?id=1096137"]
[Date "2012.8.24"]
[Round "1"]
[White "ThiagoSousa"]
[Black "savioef"]
[Result "1-0"]
[WhiteElo "1288"]
[BlackElo "1045"]

1. e4 e5 2. d4 exd4 3. Qxd4 Nc6 4. Qd3 Bb4+ 5. Nc3 Nf6 6. a3 Bc5 7. Nd5 Nxd5 8.
Qxd5 Qh4 9. Qxc5 Ne7 10. Bg5 Qh5 11. Qxe7# 1-0

[Event "AUTO-BEG-553"]
[Site "http://www.queenalice.com/game.php?id=1096138"]
[Date "2012.8.24"]
[Round "1"]
[White "savioef"]
[Black "El_Furo"]
[Result "0-1"]
[WhiteElo "1091"]
[BlackElo "1377"]

1. e4 e6 2. Nf3 d5 3. e5 c5 4. Bb5+ Bd7 5. Bxd7+ Qxd7 6. O-O Nc6 7. Nc3 Nge7 8.
d3 d4 9. Nb5 Nf5 10. Bg5 h6 11. Bh4 Nxh4 12. Nxh4 Nxe5 13. a4 a6 14. Na3 Qxa4
15. c4 Qxd1 16. Raxd1 Be7 17. Rde1 Nxd3 18. Re4 Nxb2 19. Nc2 Nxc4 20. Rg4 O-O
21. Nxd4 cxd4 22. Rxd4 b5 23. Nf3 Bf6 24. Re4 a5 25. Rd1 a4 26. Rd7 a3 27. Rd1
a2 28. Nd4 a1=Q 29. Rxa1 Rxa1+ 30. Re1 Rxe1# 0-1

[Event "AUTO-BEG-553"]
[Site "http://www.queenalice.com/game.php?id=1096139"]
[Date "2012.8.24"]
[Round "1"]
[White "El_Furo"]
[Black "savioef"]
[Result "1-0"]
[WhiteElo "1372"]
[BlackElo "1096"]

1. d4 Nc6 2. d5 Nb4 3. e4 e5 4. Nf3 Qe7 5. a3 Na6 6. Bxa6 bxa6 7. O-O Nf6 8. Bg5
Bb7 9. Nbd2 O-O-O 10. Nc4 g6 11. Ncxe5 Rg8 12. c4 Bg7 13. Nd3 Qxe4 14. b3 Rge8
15. Re1 Qf5 16. Qd2 Rxe1+ 17. Rxe1 Re8 18. Nde5 d6 19. Nh4 Qe4 20. Rxe4 Nxe4 21.
Qf4 Nc5 22. Qg4+ Kb8 23. Nd7+ Kc8 24. Nxc5+ Kb8 25. Nd7+ Kc8 26. g3 Bd4 27. Nb6+
Kb8 28. Qd7 Bf6 29. Qxe8+ Bd8 30. Qxd8+ Bc8 31. Qxc8# 1-0

[Event "Challenge"]
[Site "http://www.queenalice.com/game.php?id=1101123"]
[Date "2012.9.8"]
[Round "-"]
[White "Rogerio11"]
[Black "savioef"]
[Result "1-0"]
[WhiteElo "1373"]
[BlackElo "1082"]

1. e4 e5 2. Bc4 Nf6 3. d3 Bb4+ 4. c3 Ba5 5. Bg5 Nc6 6. Qf3 d6 7. Bxf6 gxf6 8. g4
Be6 9. d4 exd4 10. Ne2 Qe7 11. Bb5 O-O-O 12. b4 Bb6 13. cxd4 Nxd4 14. Nxd4 Rhg8
15. Nc3 Bxd4 16. O-O Rxg4+ 17. Kh1 Qf8 18. h3 Rh4 19. Qg3 Rh5 20. Rac1 Bc4 21.
Bxc4 Qe8 22. Qg4+ Qd7 23. Qxh5 Re8 24. Qxh7 Rf8 25. Rcd1 Bxc3 26. b5 a6 27. bxa6
bxa6 28. Bxa6+ Kb8 29. Rb1+ Ka8 30. Rb7 1-0

[Event "Challenge"]
[Site "http://www.queenalice.com/game.php?id=1103088"]
[Date "2012.9.15"]
[Round "-"]
[White "Rogerio11"]
[Black "savioef"]
[Result "1-0"]
[WhiteElo "1308"]
[BlackElo "1106"]

1. e4 e5 2. Bc4 Nf6 3. d4 exd4 4. e5 Ng4 5. f3 Nxe5 6. f4 Nxc4 7. Qxd4 Nb6 8.
Nf3 Bd6 9. Qxg7 Ke7 10. g3 Nc6 11. Ng5 Rg8 12. Qxf7# 1-0

[Event "BR OPEN"]
[Site "http://www.queenalice.com/game.php?id=1106281"]
[Date "2012.9.25"]
[Round "-"]
[White "savioef"]
[Black "MONSTERXADREZ"]
[Result "0-1"]
[WhiteElo "1086"]
[BlackElo "1569"]

1. e4 Nf6 2. Nc3 e5 3. Nf3 b6 4. Bc4 Be7 5. O-O O-O 6. Nxe5 Bd6 7. Nxf7 Rxf7 8.
Bxf7+ Kxf7 9. Nd5 Nxe4 10. d3 Qh4 11. Qf3+ Kg6 12. h3 Ng5 13. Qe3 Bb7 14. c4 b5
0-1

[Event "Challenge"]
[Site "http://www.queenalice.com/game.php?id=1106282"]
[Date "2012.9.25"]
[Round "-"]
[White "MONSTERXADREZ"]
[Black "savioef"]
[Result "1-0"]
[WhiteElo "1571"]
[BlackElo "1084"]

1. e4 e5 2. Nf3 Nc6 3. b3 Nf6 4. Be2 Nxe4 5. d3 Nc5 6. O-O Be7 7. Bd2 O-O 8. b4
Na4 9. b5 Nd4 10. Nxd4 exd4 11. c3 dxc3 12. Nxc3 Nxc3 13. Bxc3 1-0

[Event "Let's Play Chess!"]
[Site "http://www.queenalice.com/game.php?id=1192685"]
[Date "2013.6.21"]
[Round "-"]
[White "igorjava"]
[Black "savioef"]
[Result "1-0"]
[WhiteElo "1899"]
[BlackElo "1052"]

1. e4 c5 2. Nf3 d6 3. d4 cxd4 4. Nxd4 Nf6 5. Nc3 e5 6. Nb3 Bg4 7. f3 Bh5 8. Bb5+
Nfd7 9. Be3 Be7 10. O-O O-O 11. Nd2 Nc6 12. Nd5 a6 13. Ba4 Bh4 14. Nc4 Be7 15.
Nxe7+ 1-0

[Event "AUTO-OPEN-3017"]
[Site "http://www.queenalice.com/game.php?id=1192915"]
[Date "2013.6.21"]
[Round "1"]
[White "KAXY"]
[Black "savioef"]
[Result "1-0"]
[WhiteElo "1621"]
[BlackElo "1074"]

1. d4 Nc6 2. d5 Ne5 3. e4 Nf6 4. f3 b5 5. Bxb5 e6 6. Be3 Bb4+ 7. c3 Ba5 8. b4
Bb6 9. Bg5 O-O 10. f4 Nc4 11. Bxc4 Bb7 12. e5 Ne4 13. Bxd8 Raxd8 14. Nf3 Ng3 15.
hxg3 c5 16. Qc2 a6 17. Qxh7# 1-0

[Event "AUTO-OPEN-3017"]
[Site "http://www.queenalice.com/game.php?id=1192916"]
[Date "2013.6.21"]
[Round "1"]
[White "savioef"]
[Black "KAXY"]
[Result "0-1"]
[WhiteElo "1054"]
[BlackElo "1691"]

1. e4 e5 2. Nf3 d6 3. Bc4 Bg4 4. Nc3 Nf6 5. d3 Bxf3 6. Qxf3 Nbd7 7. O-O Nb6 8.
Bg5 Nxc4 9. dxc4 Be7 10. Rad1 h6 11. Bh4 g5 12. Bg3 h5 13. a4 Qd7 14. Rd3 g4 15.
Qe2 h4 16. Bxh4 Rxh4 17. Qe3 Nh5 0-1

[Event "AUTO-OPEN-3017"]
[Site "http://www.queenalice.com/game.php?id=1192943"]
[Date "2013.6.21"]
[Round "1"]
[White "Degoba"]
[Black "savioef"]
[Result "1-0"]
[WhiteElo "1945"]
[BlackElo "1062"]

1. e4 e5 2. Nf3 Nc6 3. Bb5 a6 4. Ba4 Bc5 5. c3 Nf6 6. d4 exd4 7. cxd4 Bd6 8. e5
Nxe5 9. dxe5 Bxe5 10. Nxe5 Ne4 11. O-O O-O 12. Bf4 d6 13. Nd3 Bf5 14. Na3 a5 15.
Qf3 1-0

[Event "AUTO-OPEN-3017"]
[Site "http://www.queenalice.com/game.php?id=1192944"]
[Date "2013.6.21"]
[Round "1"]
[White "savioef"]
[Black "Degoba"]
[Result "0-1"]
[WhiteElo "1060"]
[BlackElo "1947"]

1. e4 e5 2. Nf3 Nf6 3. Nc3 Nc6 4. Bc4 d6 5. O-O Be7 6. Ng5 O-O 7. Nxf7 Rxf7 8.
Bxf7+ Kxf7 9. d3 Nd4 10. Bg5 Bg4 11. Qe1 c6 12. a4 Nxc2 13. Rc1 Nxe1 14. Rcxe1
h6 15. Bxf6 Bxf6 0-1

[Event "AUTO-OPEN-3030"]
[Site "http://www.queenalice.com/game.php?id=1198432"]
[Date "2013.7.9"]
[Round "1"]
[White "Michihall"]
[Black "savioef"]
[Result "1-0"]
[WhiteElo "1835"]
[BlackElo "1070"]

1. d4 e6 2. c4 Nf6 3. Nc3 Bb4 4. Bg5 O-O 5. Nf3 Nc6 6. e4 b6 7. e5 Ng4 8. Bxd8
Rxd8 9. a3 Ba5 10. b4 Bxb4 11. axb4 Nxb4 12. Nb5 Ba6 13. Nxc7 Rab8 14. Nxa6 Rbc8
15. Nxb4 Rxc4 16. Bxc4 Rc8 17. Bb5 1-0

[Event "AUTO-OPEN-3030"]
[Site "http://www.queenalice.com/game.php?id=1198433"]
[Date "2013.7.9"]
[Round "1"]
[White "savioef"]
[Black "Michihall"]
[Result "0-1"]
[WhiteElo "1072"]
[BlackElo "1833"]

1. e4 e5 2. Nf3 Nc6 3. Bc4 Bc5 4. O-O Nf6 5. Nc3 O-O 6. Ng5 h6 7. Nxf7 Rxf7 8.
Bxf7+ Kxf7 9. d3 d6 10. Nb5 a6 11. Nc3 Bg4 12. Qe1 Nd4 13. b3 Nxc2 14. Qd2 Nxa1
15. a4 Nxb3 16. Qe1 Nxc1 0-1

[Event "AUTO-OPEN-3030"]
[Site "http://www.queenalice.com/game.php?id=1198456"]
[Date "2013.7.9"]
[Round "1"]
[White "savioef"]
[Black "clovis"]
[Result "0-1"]
[WhiteElo "1058"]
[BlackElo "1894"]

1. e4 e5 2. Nf3 Nc6 3. Bc4 Be7 4. O-O Nf6 5. Nc3 Nxe4 6. Nxe4 d5 7. Bxd5 Qxd5 8.
d3 O-O 9. Be3 Bg4 10. a4 Nd4 11. Bxd4 exd4 12. Ra3 Bxa3 13. bxa3 f5 14. Ned2
Rae8 15. a5 Re6 16. Nb3 Rfe8 17. Nbxd4 Qxd4 18. Qd2 Bxf3 0-1

[Event "AUTO-OPEN-3030"]
[Site "http://www.queenalice.com/game.php?id=1198457"]
[Date "2013.7.9"]
[Round "1"]
[White "clovis"]
[Black "savioef"]
[Result "1-0"]
[WhiteElo "1896"]
[BlackElo "1056"]

1. e4 e5 2. Bc4 Nf6 3. Nc3 Bc5 4. Nf3 Nc6 5. d3 Ng4 6. O-O Nxf2 7. Rxf2 Bxf2+ 8.
Kxf2 d6 9. Kg1 Bg4 10. Qe1 O-O 11. Qg3 Qd7 12. Nh4 Nb4 13. Bb3 a5 14. a3 Nxc2
15. Bxc2 a4 16. Bxa4 Qd8 17. Nf5 Ra6 18. Qxg4 1-0

[Event "ABC"]
[Site "http://www.queenalice.com/game.php?id=1198973"]
[Date "2013.7.11"]
[Round "-"]
[White "savioef"]
[Black "drbhat"]
[Result "0-1"]
[WhiteElo "1068"]
[BlackElo "1830"]

1. e4 d6 2. Nf3 g6 3. Bc4 c5 4. O-O Bg7 5. Ng5 e6 6. Nc3 Qxg5 7. d3 Qd8 8. Bf4
a6 9. a4 Qb6 10. Rb1 Nh6 11. Qd2 Ng4 12. Qe2 e5 13. Bg5 h6 0-1